MARC

LEADER 00000nam1a2200000 4500
001 281443
005 20231031232800.0
010 |a 9785446802951 
035 |a (RuTPU)RU\TPU\book\305184 
035 |a RU\TPU\book\278494 
090 |a 281443 
100 |a 20150122d2014 m y0rusy50 ca 
101 0 |a rus 
102 |a RU 
181 0 |a i  
182 0 |a b 
200 1 |a Системы защиты среды обитания  |b Электронный ресурс  |e учебное пособие в электронном формате  |e в 2 т.  |f Д. А. Кривошеин, В. П. Дмитренко, Н. В. Федотова 
203 |a Текст  |c электронный 
210 |a Москва  |c Академия  |d 2014 
225 1 |a Высшее профессиональное образование. Безопасность жизнедеятельности 
225 1 |a Бакалавриат 
700 1 |a Кривошеин  |b Д. А.  |g Дмитрий Александрович 
701 1 |a Дмитренко  |b В. П.  |g Владимир Петрович 
701 1 |a Федотова  |b Н. В.  |g Наталья Владимировна 
801 1 |a RU  |b 63413507  |c 20140403 
801 2 |a RU  |b 63413507  |c 20150123  |g RCR 
942 |c BK